Colombia's Borders Quiz Stats

 Plays Quiz Updated Mar 20, 2018

Also try: Brazil's Borders
Challenge
Share
Tweet
Embed
Score 0/5 Timer 00:30
13 Plays Today
Country % Correct
Brazil
95.5%
Venezuela
91.1%
Peru
91%
Ecuador
87.1%
Panama
80.7%

You're not logged in!

Compare scores with friends on all Sporcle quizzes.
OR
Log In

You Might Also Like...

Show Comments

Extras

Top Quizzes Today


Score Distribution

Your Account Isn't Verified!

In order to create a playlist on Sporcle, you need to verify the email address you used during registration. Go to your Sporcle Settings to finish the process.

Report this User

Report this user for behavior that violates our Community Guidelines.

Details: